HUMAN EXCEPTIONALITY SCHOOL COMMUNITY AND FAMILY (Record no. 216589)

MARC details
000 -LEADER
fixed length control field 00467nam a22001697a 4500
008 - FIXED-LENGTH DATA ELEMENTS--GENERAL INFORMATION
fixed length control field 260218b |||||||| |||| 00| 0 eng d
020 ## - INTERNATIONAL STANDARD BOOK NUMBER
International Standard Book Number 13:978-1-305-50097-6
050 ## - LIBRARY OF CONGRESS CALL NUMBER
Classification number HV 1568.H37 2017
100 ## - MAIN ENTRY--PERSONAL NAME
Personal name HARDMAN MICHAEL L
245 ## - TITLE STATEMENT
Title HUMAN EXCEPTIONALITY SCHOOL COMMUNITY AND FAMILY
260 ## - PUBLICATION, DISTRIBUTION, ETC.
Place of publication, distribution, etc. AUSTRALIA
Name of publisher, distributor, etc. CENGAGE
Date of publication, distribution, etc. 2017
300 ## - PHYSICAL DESCRIPTION
Extent X,504
500 ## - GENERAL NOTE
General note INCLUDES SUBJECT INDEX
700 ## - ADDED ENTRY--PERSONAL NAME
Personal name E4GAN WINSTON M.
942 ## - ADDED ENTRY ELEMENTS (KOHA)
Source of classification or shelving scheme Library of Congress Classification
Koha item type Long Loan Book
Holdings
Withdrawn status Lost status Source of classification or shelving scheme Damaged status Not for loan Collection Home library Current library Shelving location Date acquired Inventory number Total checkouts Full call number Barcode Date last seen Copy number Price effective from Koha item type
    Library of Congress Classification     Law Kisii University Library Kisii University Library On Display 02/18/2026 111794   HV 1568.H37 2017 000000006270 02/18/2026 C.5 02/18/2026 Long Loan Book